00840nam a2200241Ia 4500003000400000005001700004008004100021020002200062040000700084041000800091082001900099100010100118245004200219250000700261260004500268300001300313365001700326650002400343906004200367942001200409999001900421952015800440OSt20230318114307.0210423s2015 xx 000 0 und d a978-1-292-01831-7 cAL aeng a576 223bMADB aMADIGAN (Michael T);MARTINKO (John M);BENDER (Kelly S);BUCKLEY (Daniel H);STAHL (David A)976427 aBrock biology of microorganisms Ed 14 a14 aEnglandbPearson Education Pvt Ltdc2015 a1030bPB b4884.04cGBP aMicrobiology976428 a14 ; biology ; Brock ; microorganisms 2ddccBK c168740d168740 001040708BTaSACPGbSACPGd2017-09-15esuper book services, Bangaloreg4884.04l2o576 MADBpPG015242r2024-10-10 00:00:00s2024-09-30w2021-04-26yBK